00389nam a2200145Ia 4500008004100000020001500041041001200056100001500068245007000083250000800153260003200161300001000193650001900203700002100222221030s9999 xx 000 0 und d a8173197307 aEnglish aR. K. Jain 0aAdvanced Engineering Mathematicscby R. K. Jain, S. R. K. Iyengar a3rd bNarosa PubaNew Delhic2012 a20.47 aBE Mathematics aS. R. K. Iyengar